000
00341nam a2200145Ia 4500
003
GCL
008
140319s9999 xx 000 0 ara d
040
_a
GCL /
_c
GCL
082
0
4
_a
د
_b
050
245
1
0
_a
غرائب من الرحلات (اقرا 163)
300
_a
135
490
_a
اقرأ
_v
0
650
0
4
_a
الرحلات
942
_2
ddc
_c
BK
999
_c
48693
_d
48693